Predators of the adoration: Selected poems 1972-82

Na minha lista:
Detalhes bibliográficos
Autor principal: Dewdney, Christofer
Formato: Livro
Idioma:Undetermined
Publicado em: Toronto, Canadá Mc Clelland and Stewart 1983
Assuntos:
Tags: Adicionar Tag
Sem tags, seja o primeiro a adicionar uma tag!

MARC

LEADER 00000nam a2200000Ia 4500
008 170316s9999 xx 000 0 und d
040 |a cru BVZT 
090 |a 818 D-4p 
100 |a Dewdney, Christofer 
245 |a Predators of the adoration: Selected poems 1972-82 
260 |a Toronto, Canadá 
260 |b Mc Clelland and Stewart 
260 |c 1983 
300 |a 207 páginas 
650 |a LITERATURA CANADIENSE 
999 |c 6412  |d 6412 
942 |c 15 D  |h 818 D-4p  |2 z